000 00393nam a22001457a 4500
005 20200610105910.0
008 200610b xxu||||| |||| 00| 0 eng d
082 _a345.4 AIR
110 _aALL INDIA REPORTER
_95897
245 _aALL INDIA REPORTER, 1961 (VOL-48) CULCUTTA SECTION
260 _aBOMBAY
_bALL INDIA REPORTER, PVT LTD .
300 _a336;p
650 _aLAW
_95701
942 _cJRL
999 _c6959
_d6957